Reorganització d'algunes escoles tècniques : Informe que presenta la Comissió d'Instrucció Pública i Belles Arts Informe que presenta la Comissió d'Instrucció Pública i Belles Arts

Publicat: Barcelona : (Imp. Casa Caritat) , 1915
Descripció física: 41 p. ; 22 cm
Matèries: Ensenyament tècnic

MARC

LEADER 00000nam a2200000Ia 4500
001 7864
003 BGR
005 20260410113655.0
008 160829s1915 xx 000 0 cat d
080 |a RF-5-50 
110 1 |a Barcelona (Catalunya : Província).  |b Diputació  |9 52408 
245 |a Reorganització d'algunes escoles tècniques :  |b  Informe que presenta la Comissió d'Instrucció Pública i Belles Arts 
260 |a Barcelona :  |b (Imp. Casa Caritat),  |c 1915 
300 |a 41 p. ;  |c 22 cm 
590 |a Abans del títol: Diputació de Barcelona. 
650 |a Ensenyament tècnic  |9 26880 
710 1 |a Barcelona (Catalunya : Província).  |b Diputació  |9 52408 
856 4 |u https://media.diba.cat/diba/fitxers/arxiu/fulletons/bib_7864_1915_baixa.pdf  |y Accés lliure 
856 4 |u https://media.diba.cat/diba/fitxers/arxiu/fulletons/bib_7864_1915_baixa.pdf  |y Accés lliure 
900 |a bib_7864_1915_baixa.pdf 
901 |a Arxiu 
942 |n 1  |2 udc  |c MON 
952 |0 0  |1 0  |4 0  |6 RF550  |7 1  |9 44683  |a Arxiu  |b Arxiu  |d 2016-12-01  |l 0  |o RF-5-50  |p 7864  |r 2016-12-01 00:00:00  |w 2016-12-01  |y ARXIU 
999 |c 47264  |d 47264